[Event "123rd NZL-ch op"]
[Site "Auckland NZL"]
[Date "2016.01.03"]
[Round "2.5"]
[White "Reilly, Tim"]
[Black "Cornette, Matthieu"]
[Result "0-1"]
[WhiteElo "2203"]
[BlackElo "2591"]
[EventDate "2016.01.02"]
[PlyCount "58"]

1.d4 Nf6 2.c4 e6 3.Nc3 Bb4 4.e3 b6 5.Ne2 Ba6 6.Ng3 h5 7.h4 Bb7 8.Bd2 Bd6 
9.Rh3 Be7 10.f3 c5 11.dxc5 bxc5 12.Qb3 Bc6 13.O-O-O d6 14.e4 Nbd7 15.Bf4 
Rb8 16.Qc2 Qc7 17.Be2 a6 18.Nf1 Ne5 19.Ne3 Nfd7 20.Bh2 Ba8 21.Qd2 Qa5 22.
f4 Nc6 23.e5 Nd4 24.exd6 Bxd6 25.f5 Bxh2 26.fxe6 Ne5 27.exf7+ Kf8 28.Rxh2 
Be4 29.Nxe4 Qxa2 0-1

[Event "123rd NZL-ch op"]
[Site "Auckland NZL"]
[Date "2016.01.03"]
[Round "2.19"]
[White "Timergazi, Layla"]
[Black "Dowden, Anthony"]
[Result "1/2-1/2"]
[WhiteElo "1915"]
[BlackElo "2088"]
[EventDate "2016.01.02"]
[PlyCount "69"]

1.e4 e6 2.d4 d5 3.Nc3 Bb4 4.Ne2 dxe4 5.a3 Be7 6.Nxe4 Nd7 7.g3 b6 8.Bg2 Ba6
9.O-O Ngf6 10.Nxf6+ Bxf6 11.Bxa8 Qxa8 12.Re1 O-O 13.Nf4 Rd8 14.Qg4 Bb7 15.
d5 Ne5 16.Rxe5 Bxe5 17.Nd3 Bf6 18.dxe6 Bf3 19.exf7+ Kxf7 20.Qf5 Be4 21.Qf4
c5 22.Bd2 Kg8 23.Re1 Rd4 24.Bc3 Bh1 25.Re8+ Qxe8 26.Bxd4 Bxd4 27.Kxh1 Qe2 
28.Qb8+ Kf7 29.Qxa7+ Kg8 30.Qa8+ Kf7 31.Qd5+ Kf8 32.Qd8+ Kf7 33.Qc7+ Ke8 
34.Qc8+ Ke7 35.Qc7+ 1/2-1/2

[Event "123rd NZL-ch op"]
[Site "Auckland NZL"]
[Date "2016.01.03"]
[Round "2.23"]
[White "Rains, Edward"]
[Black "Watharow, Sean"]
[Result "0-1"]
[WhiteElo "2016"]
[BlackElo "1913"]
[EventDate "2016.01.02"]
[PlyCount "82"]

1.e4 c5 2.Nc3 Nc6 3.f4 e6 4.Nf3 d5 5.Bb5 Ne7 6.exd5 Nxd5 7.Bxc6+ bxc6 8.d3
Qc7 9.O-O Be7 10.Ne5 Rb8 11.Ne4 O-O 12.c4 f6 13.Nf3 Nxf4 14.g3 Ng6 15.b3 
f5 16.Nf2 e5 17.Bb2 Be6 18.Qe2 e4 19.dxe4 f4 20.g4 Rbd8 21.Rad1 Qc8 22.h3 
Rxd1 23.Rxd1 Bh4 24.Rd6 Be7 25.Rd3 Bh4 26.Ba1 Qc7 27.Qd2 Qe7 28.e5 Bg3 29.
Ne4 h5 30.Nfg5 hxg4 31.Nxe6 Qxe6 32.Nxc5 Qf5 33.Nd7 gxh3 34.Rd4 Nh4 35.Qd1
f3 36.Rxh4 f2+ 37.Kf1 Bxh4 38.Nf6+ gxf6 39.exf6 Bxf6 40.Bxf6 h2 41.Kg2 
f1=Q+ 0-1

[Event "123rd NZL-ch op"]
[Site "Auckland NZL"]
[Date "2016.01.04"]
[Round "3.4"]
[White "Dive, Russell John"]
[Black "Ma Qun"]
[Result "0-1"]
[WhiteElo "2311"]
[BlackElo "2606"]
[EventDate "2016.01.02"]
[PlyCount "70"]

1.Nf3 d5 2.d4 c6 3.c4 Nf6 4.Nc3 dxc4 5.a4 Bf5 6.Ne5 Nbd7 7.Nxc4 Nb6 8.Ne3 
Bg6 9.a5 Nbd5 10.g3 e6 11.Bg2 Bb4 12.Nxd5 exd5 13.a6 b5 14.Qb3 Bd6 15.O-O 
O-O 16.Bg5 Re8 17.Rfe1 h6 18.Bxf6 Qxf6 19.e3 Rab8 20.Na2 Qe7 21.Nc1 h5 22.
h4 Bf5 23.Nd3 g5 24.hxg5 Qxg5 25.Ne5 Bxe5 26.dxe5 Be4 27.Bxe4 dxe4 28.Rac1
Rxe5 29.Rxc6 h4 30.Rc7 Rf5 31.Qc2 hxg3 32.fxg3 Rf3 33.Re2 Rd8 34.Rg2 Qxe3+
35.Kh2 Rf6 0-1

[Event "123rd NZL-ch op"]
[Site "Auckland NZL"]
[Date "2016.01.05"]
[Round "4.8"]
[White "Reilly, Tim"]
[Black "Dive, Russell John"]
[Result "0-1"]
[WhiteElo "2203"]
[BlackElo "2311"]
[EventDate "2016.01.02"]
[PlyCount "86"]

1.d4 Nf6 2.c4 e6 3.Nc3 Bb4 4.e3 b6 5.Ne2 Ba6 6.Ng3 h5 7.h4 Bb7 8.Bd2 Bd6 
9.Rh3 Be7 10.e4 d6 11.Be2 g6 12.Bg5 Nfd7 13.Qd2 e5 14.d5 Bxg5 15.hxg5 Nf8 
16.O-O-O Rg8 17.Nf1 Nh7 18.g3 Nxg5 19.Rh2 Nd7 20.f4 Nh7 21.f5 Nhf6 22.fxg6
fxg6 23.Ne3 Qe7 24.Qc2 O-O-O 25.b4 Kb8 26.Qa4 Nh7 27.Rd3 Rdf8 28.Ncd1 Ng5 
29.Ra3 a5 30.c5 dxc5 31.bxa5 c4 32.axb6 Nxb6 33.Qa7+ Kc8 34.Nxc4 Qc5 35.
Rc3 Nd7 36.Qa4 Nxe4 37.Rc2 Qd4 38.Rb2 Nec5 39.Qa5 Qxd5 40.Nde3 Qc6 41.Rc2 
Qe4 42.Bf1 Qd4 43.Rc3 Ne4 0-1

[Event "123rd NZL-ch op"]
[Site "Auckland NZL"]
[Date "2016.01.05"]
[Round "4.15"]
[White "Cilia Vincenti, David"]
[Black "McLaren, Leonard"]
[Result "0-1"]
[WhiteElo "2061"]
[BlackElo "2236"]
[EventDate "2016.01.02"]
[PlyCount "74"]

1.d4 Nf6 2.c4 e6 3.Nc3 Bb4 4.e3 O-O 5.Ne2 d5 6.a3 Be7 7.cxd5 exd5 8.Nf4 c6
9.Bd3 a5 10.O-O Bd6 11.f3 Re8 12.Bd2 Bxf4 13.exf4 Qb6 14.Ne2 Qxb2 15.f5 
Nbd7 16.Bf4 Qb6 17.Rb1 Qa7 18.Kh1 b6 19.Qd2 Ba6 20.Rfc1 Bxd3 21.Qxd3 Qa6 
22.Qxa6 Rxa6 23.Rb2 c5 24.Nc3 cxd4 25.Nb5 Rd8 26.Bc7 Rc8 27.Nxd4 Ne5 28.
Rbc2 Nc4 29.Nb5 Raa8 30.g4 h6 31.Bg3 a4 32.Nc7 Nxa3 33.Rc3 Nc4 34.Nxa8 
Rxa8 35.R3c2 b5 36.Be1 d4 37.Bb4 Nd5 0-1

[Event "123rd NZL-ch op"]
[Site "Auckland NZL"]
[Date "2016.01.05"]
[Round "4.18"]
[White "Timergazi, Layla"]
[Black "Moskow, Eric"]
[Result "1-0"]
[WhiteElo "1915"]
[BlackElo "2127"]
[EventDate "2016.01.02"]
[PlyCount "115"]

1.d4 Nf6 2.c4 e6 3.Nc3 Bb4 4.e3 O-O 5.Ne2 d5 6.a3 Be7 7.Nf4 c6 8.Bd3 dxc4 
9.Bxc4 b5 10.Bd3 a6 11.O-O c5 12.dxc5 Bxc5 13.Ne4 Nxe4 14.Bxe4 Qxd1 15.
Rxd1 Ra7 16.b4 Be7 17.Bb2 Rd7 18.Rac1 Rxd1+ 19.Rxd1 Nd7 20.Rc1 Nb6 21.Bd3 
Bd7 22.Bd4 Rc8 23.Rd1 Nc4 24.Bxc4 bxc4 25.Bc3 Ba4 26.Rc1 Bd6 27.Ne2 f6 28.
Nd4 Kf7 29.Kf1 g6 30.Ke2 e5 31.Nf3 Ke6 32.Nd2 f5 33.e4 Bb8 34.f3 f4 35.g3 
g5 36.gxf4 exf4 37.Rg1 h6 38.h4 Be5 39.Nb1 Bc2 40.Bxe5 Bxb1 41.Bg7 Bd3+ 
42.Kf2 c3 43.Bxh6 c2 44.Rc1 gxh4 45.Bxf4 Bb5 46.Bd2 Ba4 47.f4 Rd8 48.Ke3 
Rg8 49.f5+ Kd7 50.Rh1 Rg3+ 51.Kf2 Rd3 52.Bf4 Rd1 53.Rxh4 c1=Q 54.Bxc1 Rxc1
55.e5 Rc3 56.Rh7+ Ke8 57.f6 Bb3 58.e6 1-0

[Event "123rd NZL-ch op"]
[Site "Auckland NZL"]
[Date "2016.01.05"]
[Round "4.27"]
[White "Yee, Stanley"]
[Black "Zhang Haomo, Jasmine"]
[Result "1-0"]
[WhiteElo "1975"]
[BlackElo "1674"]
[EventDate "2016.01.02"]
[PlyCount "75"]

1.e4 c5 2.Nf3 d6 3.d4 cxd4 4.Nxd4 Nf6 5.Nc3 a6 6.Be3 b5 7.a4 b4 8.Nd5 Nxe4
9.Nb5 Bb7 10.Nbc7+ Kd7 11.Nxa8 Bxa8 12.Nb6+ Ke8 13.Nxa8 Nd7 14.Qd5 Ndc5 
15.Bxc5 Nxc5 16.Qc6+ Qd7 17.Nc7+ Kd8 18.Qxd7+ Kxd7 19.Nxa6 Nxa6 20.Bxa6 g6
21.Bc4 e6 22.f4 Bg7 23.O-O-O Ke7 24.g4 Bh6 25.g5 Bg7 26.Rhe1 Rc8 27.Ba6 
Ra8 28.Bb5 Rd8 29.Rd4 d5 30.Rxb4 Rb8 31.a5 Bf8 32.a6 Ra8 33.Ra4 Ra7 34.b4 
Kd6 35.c4 Be7 36.c5+ Kc7 37.Be8 Bd8 38.b5 1-0

[Event "123rd NZL-ch op"]
[Site "Auckland NZL"]
[Date "2016.01.07"]
[Round "6.15"]
[White "Moskow, Eric"]
[Black "Li Shenyue"]
[Result "1-0"]
[WhiteElo "2127"]
[BlackElo "2007"]
[EventDate "2016.01.02"]
[PlyCount "131"]

1.Nf3 d5 2.d4 e6 3.Bf4 Nf6 4.e3 c5 5.c3 Qb6 6.Qb3 c4 7.Qc2 Bd6 8.Bg3 Ne4 
9.Nbd2 f5 10.Nxe4 fxe4 11.Bxd6 Qxd6 12.Ne5 Nd7 13.Nxd7 Bxd7 14.Be2 O-O 15.
O-O e5 16.Rad1 Be6 17.Qd2 Rf6 18.dxe5 Qxe5 19.f4 Qc7 20.Qd4 Qa5 21.f5 Bf7 
22.a3 Qb6 23.Qxb6 Rxb6 24.Rd2 Rc8 25.Bd1 Rc5 26.Rff2 Rh6 27.g3 b5 28.Kg2 
a5 29.g4 Rb6 30.Kg3 b4 31.axb4 axb4 32.cxb4 Rxb4 33.Kf4 Ra5 34.g5 Kf8 35.
h4 Ke7 36.h5 Bg8 37.Rh2 Rb6 38.h6 g6 39.fxg6 Rxg6 40.Bh5 Rd6 41.Rdg2 Bf7 
42.g6 hxg6 43.h7 Rd8 44.Bxg6 Rh8 45.Bxf7 Kxf7 46.Ke5 Rb5 47.Rh3 Re8+ 48.
Kd4 Rh8 49.Rf2+ Ke7 50.Ke5 Ra5 51.Rh4 Rb5 52.Rh3 Ra5 53.Rg2 Kf7 54.Rh4 
Re8+ 55.Kd4 Rh8 56.Rf4+ Ke6 57.Rg6+ Kd7 58.Rg7+ Kc6 59.Rf6+ Kb5 60.Rff7 
Raa8 61.Kxd5 Rhe8 62.Rb7+ Ka4 63.Kxc4 Ra5 64.b3+ Ka3 65.Rg8 Ree5 66.Rc8 
1-0

[Event "123rd NZL-ch op"]
[Site "Auckland NZL"]
[Date "2016.01.07"]
[Round "6.18"]
[White "Li Xiang Wei, William"]
[Black "Goodhue, Nathan"]
[Result "1/2-1/2"]
[WhiteElo "2030"]
[BlackElo "1990"]
[EventDate "2016.01.02"]
[PlyCount "106"]

1.d4 f5 2.Bg5 Nf6 3.Bxf6 exf6 4.e3 d5 5.Bd3 Bd6 6.Qf3 g6 7.h4 Be6 8.h5 Kf7
9.Nc3 c6 10.Nge2 Nd7 11.Nf4 Qe7 12.Nxe6 Qxe6 13.Ne2 Rae8 14.O-O-O c5 15.c3
c4 16.Bc2 Rhg8 17.Nf4 Bxf4 18.Qxf4 Rg7 19.Rh2 b5 20.Rdh1 b4 21.hxg6+ hxg6 
22.Rh7 Rg8 23.cxb4 Qc6 24.g4 fxg4 25.Qh6 Nf8 26.Rxg7+ Rxg7 27.Qf4 f5 28.
Rh8 Nd7 29.Rh6 Nf6 30.Qb8 Qd7 31.Rh8 Rg8 32.Rxg8 Nxg8 33.b5 Ne7 34.Ba4 Qe6
35.Qxa7 f4 36.Qa5 fxe3 37.fxe3 Qxe3+ 38.Qd2 Qe6 39.Bd1 g3 40.Bf3 Nf5 41.a4
Kg7 42.a5 Nh4 43.Bh1 g2 44.Bxg2 Nxg2 45.b6 Ne1 46.b7 Nd3+ 47.Kb1 Qd6 48.a6
Qb8 49.Qa5 Qf4 50.Qb6 Qc1+ 51.Ka2 Qc2 52.Qb5 Nxb2 53.Qxb2 Qa4+ 1/2-1/2

[Event "123rd NZL-ch op"]
[Site "Auckland NZL"]
[Date "2016.01.08"]
[Round "7.30"]
[White "Jackson, L. Ross"]
[Black "Zhang Haomo, Jasmine"]
[Result "1-0"]
[WhiteElo "1884"]
[BlackElo "1674"]
[EventDate "2016.01.02"]
[PlyCount "93"]

1.d4 d5 2.c4 e6 3.Nc3 c6 4.Nf3 dxc4 5.a4 Bb4 6.e3 b5 7.Bd2 Bxc3 8.Bxc3 Bb7
9.b3 cxb3 10.axb5 cxb5 11.Bxb5+ Nd7 12.Qxb3 Nf6 13.Bb4 Bd5 14.Qa4 Bb7 15.
O-O Nd5 16.Ne5 Nb6 17.Nxd7 Nxd7 18.Ba5 Qe7 19.Rab1 Be4 20.Rbc1 a6 21.Bc6 
Bxc6 22.Rxc6 O-O 23.Bb4 Qe8 24.Bxf8 Nb8 25.Rc4 Qxa4 26.Rxa4 Kxf8 27.Rc1 
Nd7 28.Rb4 Nf6 29.Rcb1 Nd7 30.Rb7 Ke8 31.Rc1 a5 32.Rcc7 a4 33.Rxd7 a3 34.
Ra7 Rb8 35.Rab7 Rc8 36.g3 Kf8 37.Rxf7+ Ke8 38.Rxg7 Kf8 39.Rxh7 Kg8 40.
Rbg7+ Kf8 41.Rh8+ Kxg7 42.Rxc8 a2 43.Ra8 Kg6 44.Rxa2 Kf5 45.f3 Kg6 46.Ra6 
Kf7 47.e4 1-0

[Event "123rd NZL-ch op"]
[Site "Auckland NZL"]
[Date "2016.01.09"]
[Round "8.2"]
[White "Fier, Alexandr"]
[Black "Short, Nigel David"]
[Result "1/2-1/2"]
[WhiteElo "2607"]
[BlackElo "2684"]
[EventDate "2016.01.02"]
[PlyCount "74"]

1.d4 Nf6 2.c4 e6 3.Nc3 Bb4 4.e3 b6 5.Ne2 Ne4 6.Qc2 Bb7 7.f3 Nxc3 8.bxc3 
Be7 9.e4 Nc6 10.Ng3 Ba6 11.Bd3 Na5 12.Qe2 d6 13.Be3 Qd7 14.Nf1 O-O 15.Nd2 
f5 16.O-O f4 17.Bf2 e5 18.Nb3 c5 19.Nxa5 bxa5 20.Qb2 Qc7 21.dxe5 dxe5 22.
Rfd1 Rab8 23.Qa3 Rfd8 24.Bf1 Rxd1 25.Rxd1 Bc8 26.g3 Be6 27.g4 g5 28.Kg2 
Kf7 29.Be2 h5 30.h3 Qb6 31.Rd2 hxg4 32.hxg4 Kf6 33.Bf1 a6 34.Qa4 Qc7 35.
Bd3 Bd6 36.Kf1 Ke7 37.Ke2 Kf7 1/2-1/2

[Event "123rd NZL-ch op"]
[Site "Auckland NZL"]
[Date "2016.01.09"]
[Round "8.15"]
[White "Smith, Robert"]
[Black "Gong Hanwen, Daniel"]
[Result "1-0"]
[WhiteElo "2208"]
[BlackElo "2055"]
[EventDate "2016.01.02"]
[PlyCount "95"]

1.e4 c5 2.Be2 e6 3.d3 Nc6 4.f4 d5 5.Nd2 b5 6.Ngf3 Bd6 7.Nb3 Qb6 8.Be3 d4 
9.Bd2 Nge7 10.a4 b4 11.O-O a5 12.Kh1 Ba6 13.e5 Bc7 14.Ng5 Nb8 15.Qe1 Nd7 
16.Qh4 h6 17.Qh5 Ng6 18.Nxf7 Kxf7 19.Bf3 Rae8 20.Be4 Nf8 21.Rf3 Bb7 22.
Bxg6+ Nxg6 23.Rg3 Ke7 24.Rxg6 Ref8 25.Rxg7+ Kd8 26.Qh4+ Kc8 27.Qe7 Rfg8 
28.Nxc5 Rxg7 29.Qxg7 Qxc5 30.Qxh8+ Bd8 31.Qxh6 Kb8 32.Rc1 Qc6 33.Qh3 Bb6 
34.b3 Bd8 35.Qg4 Ka7 36.Qe2 Qe8 37.Be1 Qg6 38.Bg3 Qf5 39.Kg1 Bd5 40.Rf1 
Kb6 41.h3 Kc5 42.Qg4 Qf7 43.f5 Qb7 44.Bf2 exf5 45.Bxd4+ Kc6 46.Rxf5 Kc7 
47.Qg7+ Kb8 48.Qxb7+ 1-0

[Event "123rd NZL-ch op"]
[Site "Auckland NZL"]
[Date "2016.01.10"]
[Round "9.12"]
[White "Gao, Hans"]
[Black "McLaren, Leonard"]
[Result "1/2-1/2"]
[WhiteElo "2183"]
[BlackElo "2236"]
[EventDate "2016.01.02"]
[PlyCount "53"]

1.e4 c5 2.Nf3 d6 3.Bb5+ Nd7 4.d4 Nf6 5.O-O cxd4 6.Qxd4 g6 7.e5 dxe5 8.Nxe5
a6 9.Bxd7+ Bxd7 10.Rd1 Bg7 11.Nc3 Qc8 12.Nxd7 Qxd7 13.Qb4 a5 14.Qa3 Qc6 
15.Re1 e6 16.Bg5 b5 17.Rad1 b4 18.Qa4 Qxa4 19.Nxa4 O-O 20.Bxf6 Bxf6 21.Nb6
Ra7 22.Nd7 Bxb2 23.Nxf8 Kxf8 24.f4 Rc7 25.Re2 h5 26.Kf2 a4 27.Rd3 1/2-1/2

[Event "123rd NZL-ch op"]
[Site "Auckland NZL"]
[Date "2016.01.10"]
[Round "9.14"]
[White "Li Shenyue"]
[Black "Dowden, Anthony"]
[Result "0-1"]
[WhiteElo "2007"]
[BlackElo "2088"]
[EventDate "2016.01.02"]
[PlyCount "86"]

1.e4 e6 2.Qe2 c5 3.f4 Nc6 4.Nf3 g6 5.Qf2 d6 6.Bb5 Ne7 7.e5 Bg7 8.Nc3 dxe5 
9.Nxe5 O-O 10.Qxc5 Nd4 11.Ne2 Nxb5 12.Qxb5 a6 13.Qb3 Nd5 14.d4 b5 15.O-O 
Qb6 16.a4 Rb8 17.Bd2 Qd6 18.a5 Bb7 19.Nd3 Rfc8 20.c3 Ne7 21.Nc5 Rxc5 22.
dxc5 Qxd2 23.Rf2 Qe3 24.Rd1 Qxc5 25.Nd4 Bd5 26.Qc2 Nf5 27.Qd3 Bc4 28.Qe4 
Bd5 29.Qd3 Rc8 30.Rfd2 Nxd4 31.cxd4 Qc7 32.Qa3 Qxf4 33.Qe7 Qc7 34.Qb4 Bf8 
35.Qc3 Qxc3 36.bxc3 Rxc3 37.Ra1 Bh6 38.Re2 Be3+ 39.Kh1 Bxd4 40.Rd1 e5 41.
Rde1 Ra3 42.Rc1 Bc4 43.Ree1 Ra2 0-1